logo

Bir Sreshtho Munshi Abdur Rouf Library
Jhenaidah Cadet College

Marketing research : (Record no. 14261)

MARC details
000 -LEADER
fixed length control field 00809cam a2200277 a 4500
001 - CONTROL NUMBER
JCCL Control Number 14261
003 - CONTROL NUMBER IDENTIFIER
JCCL marc code BD-JhCC
005 - DATE AND TIME OF LATEST TRANSACTION
control field 20250225120822.0
008 - FIXED-LENGTH DATA ELEMENTS--GENERAL INFORMATION
fixed length control field 040220s2005 ohua b 001 0 eng
020 ## - INTERNATIONAL STANDARD BOOK NUMBER
International Standard Book Number 0324201605
035 ## - SYSTEM CONTROL NUMBER
system control number (DLC) 14261
040 ## - CATALOGING SOURCE
Original cataloging agency DLC
Transcribing agency DLC
Modifying agency DLC
041 ## - LANGUAGE CODE
Language code of Book english
050 00 - LIBRARY OF CONGRESS CALL NUMBER
Classification number HF5415.2
Item number .C5 2005
082 00 - DEWEY DECIMAL CLASSIFICATION NUMBER
Classification number 658.83
DDC Edition number 22
Author mark and Year CHU 2005
100 1# - MAIN ENTRY--PERSONAL NAME
Personal name Churchill, Gilbert A.
245 10 - TITLE STATEMENT
Title Marketing research :
Remainder of title methodological foundations /
Statement of responsibility, etc Gilbert A. Churchill, Dawn Iacobucci.
250 ## - EDITION STATEMENT
Edition statement 9th ed.
260 ## - PUBLICATION, DISTRIBUTION, ETC. (IMPRINT)
Place of publication, distribution, etc Mason, Ohio :
Name of publisher, distributor, etc Thomson/South-Western,
Date of publication, distribution, etc 2005.
300 ## - PHYSICAL DESCRIPTION
Pagination xxii, 697 p. :
Other physical details ill. ;
Dimensions 26 cm.
504 ## - BIBLIOGRAPHY, ETC. NOTE
Bibliography, etc Includes bibliographical references and indexes.
650 #0 - SUBJECT ADDED ENTRY--TOPICAL TERM
Topical term or geographic name as entry element Marketing research.
700 1# - ADDED ENTRY--PERSONAL NAME
Personal name Iacobucci, Dawn.
942 ## - ADDED ENTRY ELEMENTS (KOHA)
Source of classification or shelving scheme Dewey Decimal Classification
Koha item type Books
Holdings
Source of classification or shelving scheme Damaged status Not for loan Home library Current library Shelving location Date of accession Source of acquisition Total Checkouts Full call number Barcode Date last seen Copy number Method of acquisition Koha item type Currency
Dewey Decimal Classification     JCC Rouf Library JCC Rouf Library General Stacks   With the compliments of Shahriar Imtiaz Rahman,27/1483/K   658.83 CHU 2005 19881 02/25/2025 C-1 Gift/Donation Books BDT

JCC Library | Contacts | JCC Home

Last Update on 23 September 2017
Copyright @ 2017-2020 JCC Rouf Library
Rouf Library, Jhenidah Cadet College (JCC), Bangladesh